| 000 | 00399nam a22001691a 4500 | ||
|---|---|---|---|
| 020 | _a9788126718122 | ||
| 082 |
_aH1 _bANV/U |
||
| 245 |
_aUrvar pradesh : _b3/ _cby Anvita Abbi (ed.) |
||
| 250 | _a2nd. | ||
| 260 |
_aNew Delhi: _bRajkamal, _c2010. |
||
| 300 | _a367p. | ||
| 650 | _aPoetry Hindi | ||
| 650 | _aLiterature Hindi | ||
| 650 | _aLiterature | ||
| 700 | _aAnvita Abbi (ed.) | ||
| 942 | _cBK | ||
| 999 |
_c48426 _d48426 |
||